00778nac a22002177a 4500001001000000003000900010005001700019008003400036040005400070072000800124100002500132100002200157110009100179245003200270260004000302300001000342490011700352500005600469650001300525650002200538BR9101549BR-BrBNA20240105121147.0230509b bl.|||m| |||| 00| 0 por d aBR-BrBNAbporcBiblioteca Nacional de Agricultura aF701 aSantos, A.M.P.V. dos1 aBoechat, S. de C.1 aUniversidade Federal do Rio Grande do Sul, Porto Alegre (Brasil). Inst. de Biociencias1 aGramineae tribo Danthonieae3 aPorto Alegre, RS (Brasil): c1989.  a57 p. aBoletim do Instituto de Biociencias - Universidade Federal do Rio Grande do Sul (Brazil)vno. 44xISSN 0102-597X aBibliography p. 48-50 (53 ref.); Summaries (En, Pt) aGRAMINEA aTAXONOMIA VEGETAL